Online
Catalog
Normal view MARC view

Entry Nombre personal

Number of records used in: 18

001 - NÚMERO DE CONTROL

  • campo de control: 55022

003 - IDENTIFICADOR DEL NÚMERO DE CONTROL

  • campo de control: BNPHU

005 - FECHA Y HORA DE LA ÚLTIMA TRANSACCIÓN

  • campo de control: 20240226134949.0

008 - DATOS DE LONGITUD FIJA

  • campo de control de longitud fija: 200615|| aca||aabn | a|a d

040 ## - FUENTE DE LA CATALOGACIÓN

  • Centro catalogador/agencia de origen: DO-SdBNP
  • Lengua de catalogación: spa
  • Centro/agencia transcriptor: BNPHU
  • Normas de descripción: rda

100 1# - ENCABEZAMIENTO-NOMBRE DE PERSONA

  • Nombre de persona: Pérez Saviñón, José Joaquín

370 ## - LUGAR ASOCIADO

  • Lugar de nacimiento: Santo Domingo (República Dominicana)

372 ## - CAMPO DE ACTIVIDAD

  • Campo de actividad: Director de museo
  • Campo de actividad: Historiador

375 ## - GÉNERO/SEXO

  • Género/Sexo: Masculino

377 ## - LENGUA/LENGUAJE ASOCIADO

  • Código del idioma: spa

400 1# - TRAZADO DE VÉASE--NOMBRE DE PERSONA

  • Nombre de persona: Saviñón, José Joaquín Pérez

510 2# - TRAZADO DE VÉASE ADEMÁS--NOMBRE DE ENTIDAD CORPORATIVA

  • Información de relación/Frase instructiva de referencia: Director ejecutivo de :
  • Nombre de entidad corporativa o nombre de jurisdicción como elemento de entrada: Instituto Duartiano (Santo Domingo, República Dominicana)

670 ## - FUENTE DE DATOS ENCONTRADOS

  • Cita de la fuente: Pérez Saviñón, José Joaquín. Resumen de la verdadera historia del General Juan Pablo Duarte y Díez, 2015:
  • Información encontrada: pagina personal (Prof. José Joaquín Pérez Saviñón, presidente)
  • Identificador Uniforme del Recurso: http://institutoduartiano.com.do

670 ## - FUENTE DE DATOS ENCONTRADOS

  • Cita de la fuente: Pérez Saviñón, José Joaquín. Resumen de la verdadera historia del General Juan Pablo Duarte y Díez, 2015:

Powered by Koha